| 000 | 00840cab a2200205 4500 | ||
|---|---|---|---|
| 001 | ABS44233 | ||
| 008 | 090401t1991 xxu||||| |||| 00| 0 eng d | ||
| 035 | _a(Sirsi) u46005 | ||
| 041 | _aeng | ||
| 245 | _aWest Midlands | ||
| 260 | _c1991 | ||
| 350 | _a0 | ||
| 490 |
_aEstates Times _v(1068) 22 March 1991, 17-42 (22) |
||
| 520 | _aEstates Times Survey featureing office , industrial and retail market s in Birmingham , Broad Street , Edgbaston and Solihull ; Coventry and Wolverhampton , potential development and revival of the waterways and business parks . Reviews the work of the Black Country Development Corporation and transport policy . Profiles Chancel Construction . | ||
| 650 | _aHEARTLANDS | ||
| 650 | _aUDCS | ||
| 690 | _aPROPERTY-COMMERCIAL PROPERTY-COMMERCIAL PROPERTY MARKET | ||
| 942 | _n0 | ||
| 948 | _c04/03/1997 | ||
| 999 |
_c29106 _d29106 |
||